书目信息 |
| 题名: |
实用工业会计
|
|
| 作者: | 关书诚 , 韩志方 编写 | |
| 分册: | ||
| 出版信息: | 哈尔滨 黑龙江人民出版社 1981 |
|
| 页数: | 443页 | |
| 开本: | 21cm | |
| 丛书名: | ||
| 单 册: | ||
| 中图分类: | F406.72 | |
| 科图分类: | ||
| 主题词: | 工业会计 | |
| 电子资源: | ||
| ISBN: | ||
| 000 | 00724nam0 2200265 45 | |
| 001 | 0181007216 | |
| 005 | 20040429112428.9 | |
| 010 | @dCNY1.40 | |
| 091 | @a4093.43 | |
| 100 | @a19950512d1981 em y0chiy0121 ea | |
| 101 | 0 | @achi |
| 102 | @aCN@b230000 | |
| 105 | @ay z 000yy | |
| 106 | @ar | |
| 200 | 10 | @a实用工业会计@Ashi yong gong ye kuai ji@e国营@f关书诚,韩志方编著 |
| 210 | @a哈尔滨@c黑龙江人民出版社@d1981 | |
| 215 | @a443页@d21cm | |
| 517 | 1 | @a工业会计@Agong ye kuai ji |
| 606 | @a工业会计 | |
| 690 | @aF406.72@v3 | |
| 701 | 0 | @a关书诚@Aguan shu cheng@4编写 |
| 701 | 0 | @a韩志方@Ahan zhi fang@4编著 |
| 801 | 0 | @aCN@b上海图书馆@c20040429 |
| 801 | 2 | @aCN@bNLC@c20040429 |
| 905 | @f1@b91546@dF406.72@e19 | |
| 实用工业会计:国营/关书诚,韩志方编著.-哈尔滨:黑龙江人民出版社,1981 |
| 443页;21cm |
| ISBN :CNY1.40 |
| ● |
| 相关链接 |
|
|
|
|
正题名:实用工业会计
索取号:F406.72/19
 
预约/预借
| 序号 | 登录号 | 条形码 | 馆藏地/架位号 | 状态 | 备注 |
| 1 | 0091546 | 000207537 | 第一借阅区/ [索取号:F406.72/19] | 在馆 | |
| 2 | 0091547 | 000207494 | 第一样本阅览室/ [索取号:F406.72/19] | 在馆 |